LDR 01482nam a2200313 4500 001 000000367209 003 CaOOAMICUS 005 20260416104139.0 008 260413s2006 it 000 u ita r 020 $a978-88-498-1671-6 040 $aSeMil$bita 100 1 $aCanali, Luca,$d<1925-2014>.$0(OLS)http://semarc/name/18048 245 10$aScrittori e potere nell'antica Roma /$cLuca Canali ; collaborazione di Maria Pellegrini ; prefazione di Giuseppe Genna ; postfazione di Mario Desiati. 264 1$aSoveria Mannelli :$bRubbettino,$c2006. 300 $aXXIV, 194 p. ;$c23 cm 490 1 $aSaggi ;$v179 650 4$aLetteratura latina - Temi [:] Politica.$0(OLS)http://semarc/subject/59972 650 4$aLetteratura e politica.$0(OLS)http://semarc/subject/57410 700 1 $aDesiati, Mario,$d<1977- >.$0(OLS)http://semarc/name/124111 700 1 $aGenna, Giuseppe,$d<1969- >.$0(OLS)http://semarc/name/109552 700 1 $aPellegrini, Maria.$0(OLS)http://semarc/name/76643 830 0$aSaggi ;$v179.$0(OLS)http://semarc/title/341 850 $aSeMil 852 $aSeMil$W1$xVenegono$y1$m1X III 249$j270257$B257933$CSeMilBibl$Z2$F257933 $81 961 $aBuzzi mons. Franco - Omaggio 996 $6020$a978-88-498-1671-6$9(OLS)http://semarc/number/305655 996 $6245$aScrittori e potere nell'antica Roma$9(OLS)http://semarc/title/459097 996 $6264$aSoveria Mannelli :$bRubbettino$9(OLS)http://semarc/publisher/32145